000 00489nam a2200193Ia 4500
005 20240823014410.0
008 240823s9999||||xx |||||||||||||| ||und||
041 _aENGLISH
082 _A621.564 N9
100 _aHazra.B
245 0 _aBasic Refrigeration and Air Conditioning Questions & Answers
250 _a1st
260 _c1999
_b"Dhanpat Rai,"
500 _aTRANSFERED
650 _aRefrigeration
_bMechanical
700 _a Chakravarti.D.N
942 _cBK
999 _c169966
_d169966